000 00414nam a2200097Ia 4500
008 180130s9999 xx 000 0 und d
245 _cAdenle, Ademola A.; Agboola, Julius I.
_aRelevant issues for sustainable agriculture in sub-Saharan Africa
260 _c2015
300 _aBook title: Significant concept in global environmental change--Acession number C19421; pages 3 - 20
650 _aGLOBAL ENVIRONMENTAL CHANGE
999 _c354537
_d354537